000 00382nam a2200145Ia 4500
008 230917s9999||||xx |||||||||||||| ||und||
040 _e87842
_aMAIN
041 _aEnglish
082 _a005.133 D685O
100 _aDoke, E Reed
245 0 _aObject-oriented application development using Java
260 _aSingapore
_bThomson Asia
_c2002
300 _axxvi, 709 p.
942 _cBK
999 _c115822
_d115822